00000000nam##2200000za#4500
0019.523694
003CaOODSP
00520200401025838
007ta
008150406|1992||||xxc|||||     f|0| 0 eng|d
040 |aCaOODSP|beng
041 |aeng
041 |afre
043 |an-cn---
0861 |aFs97-6/1900F
1101 |aCanada. |bDepartment of Fisheries and Oceans.
24510|aAtlas of the northern shrimp (Pandalus borealis) fishing in the Gulf of St. Lawrence 1982-1991: catch, effort, yield, season / |cby Y. Simard et al.
260 |aOttawa - Ontario : |bFisheries and Oceans Canada |c1992.
300 |avi, 73p. : |bfigs., references, tables ; |c28 cm.
4901 |aRapport technique canadien des sciences halieutiques et aquatiques|v1900
500 |aPrepared at the Biological Sciences Division, Ministry of Fisheries and Oceans, Maurice Lamontagne Institute, P.O. Box 1000, 850, route de la Mer, Mont-Joli, Quebec G5H 3Z4.
546 |aRésumés en français.) Bilingual
563 |aSoftcover
69007|aShellfish|2gcpds
69007|aFisheries|2gcpds
7201 |aSimard, Y.
7760#|tAtlas de la pêche à la crevette nordique (Pandalus borealis) dans le golfe du Saint-Laurent 1982-1991 : |w(CaOODSP)9.588140
792 |tAtlas de la pêche à la crevette nordique (Pandalus borealis) dans le golfe du Saint-Laurent 1982-1991: captures, effort, rendement, saison / |efre|w(CaOODSP)9.523695
830#0|aRapport technique canadien des sciences halieutiques et aquatiques ;|v1900|w(CaOODSP)9.513051